000 00726nam a2200229Ia 4500
001 17190
003 GE_BSU
008 181216s||||||||xx |||||||||||||| ||und||
040 _cGE_BSU
080 _a821.161.1-31
100 _aპოგოდინი, ნ.
245 _aქარვისფერი ყელსაბამი
245 _bრომანი
245 _cთარგმ. თ. გურგენიძემ და გ. ქაჯაიამ
260 _aთბილისი
260 _bნაკადული
260 _c1965
300 _a291გვ. ; 21სმ..
653 _aრომანი
653 _aქარვისფერი ყელსაბამი
942 _cBK
999 _c50252
_d50252